01434nam a2200253 4500003000400000005001700004008004100021020001500062037001600077040003500093041000800128082001400136100003300150245008000183260003400263300002800297520069300325650003801018650004901056650004001105942001201145999001701157952000601174OSt20250711123045.0240228b |||||||| |||| 00| 0 eng d a0370308085 3Donación  aCO-JMCRcCO-JMCRdCO-JMCRerda aeng aA-NbGREg aGreene, Graham eautor97151 aGetting to know the general :bThe story of an involvement /cGraham Greene aLondres:bBodley head, c1984 a223 páginas;c22 cm.  aIn August 1981 my bag was packed for my fifth visit to Panama when the news came to me over the telephone of the death of General Omar Torrijos Herrera, my friend and host. . . At that moment the idea came to me to write a short personal memoir. . . of a man I had grown to love over those five years' GETTING TO KNOW THE GENERAL is Graham Greene's account of a five-year personal involvement with Omar Torrijos, ruler of Panama from 1968-81 and Sergeant Chuchu, one of the few men in the National Guard whom the General trusted completely. It is a fascinating tribute to an inspirational politician in the vital period of his country's history, and to an unusual and enduring friendship. 2JMCRaLiteratura en ingles943367 2JMCRapersonal involvementzPanamá 943525 2JMCRaNational GuardxNovel 943526 2ddccBK c30702d17086 00